<?xml version="1.0" encoding="UTF-8"?>
<record
    xmlns:xsi="http://www.w3.org/2001/XMLSchema-instance"
    xsi:schemaLocation="http://www.loc.gov/MARC21/slim http://www.loc.gov/standards/marcxml/schema/MARC21slim.xsd"
    xmlns="http://www.loc.gov/MARC21/slim">

  <leader>00920cam a2200265 a 4500</leader>
  <controlfield tag="003">CDMR</controlfield>
  <controlfield tag="005">20140415174142.0</controlfield>
  <controlfield tag="008">140321s2014    spca||||||||||0|1 0acat|d</controlfield>
  <datafield tag="017" ind1=" " ind2=" ">
    <subfield code="a">DL B. 4106-2014</subfield>
  </datafield>
  <datafield tag="020" ind1=" " ind2=" ">
    <subfield code="a">9788415695998</subfield>
  </datafield>
  <datafield tag="040" ind1=" " ind2=" ">
    <subfield code="b">cat</subfield>
    <subfield code="c">CDMR</subfield>
  </datafield>
  <datafield tag="100" ind1="1" ind2=" ">
    <subfield code="a">Sellar&#xE8;s, Miquel,</subfield>
    <subfield code="d">1946-</subfield>
  </datafield>
  <datafield tag="245" ind1="1" ind2="0">
    <subfield code="a">Construint un estat nou</subfield>
    <subfield code="b">: mem&#xF2;ries pol&#xED;tiques </subfield>
    <subfield code="c">Miquel Sellar&#xE8;s ; amb la col&#xB7;laboraci&#xF3; de Marina Llansana ; pr&#xF2;leg de Joan B. Culla</subfield>
  </datafield>
  <datafield tag="260" ind1=" " ind2=" ">
    <subfield code="a">Barcelona :</subfield>
    <subfield code="b">Angle Editorial,</subfield>
    <subfield code="c">2014</subfield>
  </datafield>
  <datafield tag="300" ind1=" " ind2=" ">
    <subfield code="a">368 p., [8] p. de l&#xE0;m. :</subfield>
    <subfield code="b">il. ;</subfield>
    <subfield code="c">23 cm</subfield>
  </datafield>
  <datafield tag="490" ind1="1" ind2=" ">
    <subfield code="a">El Fil d'Ariadna ;</subfield>
    <subfield code="v">73</subfield>
  </datafield>
  <datafield tag="504" ind1=" " ind2=" ">
    <subfield code="a">&#xCD;ndex</subfield>
  </datafield>
  <datafield tag="600" ind1="1" ind2="4">
    <subfield code="a">Sellar&#xE8;s, Miquel,</subfield>
    <subfield code="d">1946-</subfield>
    <subfield code="2">lemac</subfield>
  </datafield>
  <datafield tag="650" ind1=" " ind2="4">
    <subfield code="a">Pol&#xED;tics</subfield>
    <subfield code="z">Catalunya</subfield>
    <subfield code="x">Biografia</subfield>
    <subfield code="y">S. XX</subfield>
  </datafield>
  <datafield tag="651" ind1=" " ind2="4">
    <subfield code="a">Catalunya</subfield>
    <subfield code="x">Pol&#xED;tica i govern</subfield>
    <subfield code="y">S. XX</subfield>
  </datafield>
  <datafield tag="700" ind1="1" ind2=" ">
    <subfield code="a">Culla, Joan B.</subfield>
    <subfield code="q">(Joan Baptista)</subfield>
    <subfield code="9">1642</subfield>
  </datafield>
  <datafield tag="700" ind1="1" ind2=" ">
    <subfield code="a">Oliveres, Arcadi,</subfield>
    <subfield code="d">1945-</subfield>
  </datafield>
  <datafield tag="700" ind1="1" ind2=" ">
    <subfield code="a">Torralba, Silvia,</subfield>
    <subfield code="d">1978-</subfield>
  </datafield>
  <datafield tag="942" ind1=" " ind2=" ">
    <subfield code="c">MON</subfield>
  </datafield>
  <datafield tag="999" ind1=" " ind2=" ">
    <subfield code="c">6728</subfield>
    <subfield code="d">6728</subfield>
  </datafield>
  <datafield tag="952" ind1=" " ind2=" ">
    <subfield code="0">0</subfield>
    <subfield code="1">0</subfield>
    <subfield code="4">0</subfield>
    <subfield code="7">0</subfield>
    <subfield code="a">CDMR</subfield>
    <subfield code="b">CDMR</subfield>
    <subfield code="d">2014-04-15</subfield>
    <subfield code="e">Intercanvi</subfield>
    <subfield code="g">19.00</subfield>
    <subfield code="l">0</subfield>
    <subfield code="o">Du 1/104</subfield>
    <subfield code="p">CDMR1404301230</subfield>
    <subfield code="r">2014-04-15</subfield>
    <subfield code="v">19.00</subfield>
    <subfield code="w">2014-04-15</subfield>
    <subfield code="y">MON</subfield>
  </datafield>
</record>
